Futebol 4x4 - Statistics

Estatísticas Gerais
  • Esse quiz foi jogado 311 vezes
  • A pontuação média é 5 de 15
Estatísticas das Respostas
Hint Resposta % Correto
Campeão brasileiro com maior antecedência na era dos pontos corridos Cruzeiro
69%
Centroavante do Fluminense na Libertadores de 2008 Washington
65%
Técnico Campeão brasileiro em 2009 Andrade
63%
Campeão da Copa do Brasil de 2005 Paulista
63%
Zagueiro repatriado pelo São Paulo após ser preso na Alemanha Breno
56%
Título conquistado pelo Botafogo/RJ em 2015 Taça Guanabara
40%
Colombiano que jogou no Palmeiras Armero
38%
Campeão da Série B em 2014 Joinville
31%
Equipe rebaixada no campeonato brasileiro de 2012 Figueirense
25%
Representante do Centro-oeste na Série B em 2015 Luverdense
23%
Meia do Atlético Paranaense vice-campeão brasileiro em 2004 Jádson
18%
Pivô do escândalo de arbitragem em 2005 Edílson Pereira de Carvalho
14%
Centroavante do Grêmio na Libertadores de 2007 Tuta
14%
Lateral campeão da Copa do Brasil em 2014 Douglas Santos
13%
Primeiro clube do atacante Leandro Damião Atlético de Ibirama
5%
Nenhum quiz correspondente encontrado
Distribuição das Pontuações
Porcentagem de Pessoas com Cada Pontuação
Percentil de Números Respondidos
Sua Pontuação Histórica
Você não jogou esse quiz